Investigación y problematización (Registro nro. 304212)

Detalles MARC
000 -ENCABEZADO
Número de control [NR] 01246nam a2200313 a 4500
001 - NÚMERO DE CONTROL
control field ocn880393538
005 - FECHA Y HORA DE LA ÚLTIMA TRANSACCIÓN
control field 20170608110829.0
008 - DE LONGITUD FIJA DE DATOS DE ELEMENTOS - INFORMACIÓN GENERAL
Elementos de longitud fija [NR] 16 s2013 ck ado rb 000 0 spa
020 ## - NUMERO INTERNACIONAL NORMALIZADO PARA LIBROS [R]
Número Internacional Normalizado del libro [NR] 9789588572789
020 ## - NUMERO INTERNACIONAL NORMALIZADO PARA LIBROS [R]
Número Internacional Normalizado del libro [NR] 9588572789
035 ## - NUMERO DE CONTROL DEL SISTEMA [R]
Número de control del sistema [NR] (OCoLC)880393538
040 ## - FUENTE DE CATALOGACION [NR]
Agencia de catalogación original [NR] Co-BoUCM
Idioma de catalogación [NR] spa
Quien Cataloga Edgar Pinilla
Quien Clasifica Edgar Pinilla
041 ## - CODIGO DE IDIOMA [R]
Código de idioma para texto/pista de sonido o título separado [R] Español
245 00 - MENCION DE TITULO [NR]
Título [NR] Investigación y problematización
Parte restante del título [NR] ejercicios didácticos en la docencia universitaria
Mención de responsabilidad, etc. [NR] editor Guillermo Londoño Orozco ; prólogo, Carmen Amalia Camacho
250 ## - MENCION DE EDICION [NR]
Mención de edición [NR] 1a ed.
260 ## - PUBLICACION, DISTRIBUCION, ETC. (PIE DE IMPRENTA) [R]
Lugar de publicación, distribución, etc. [R] Bogotá (Colombia)
Nombre del editor, distribuidor, etc. [R] Universidad de La Salle
Fecha de publicación, distribución, etc. [R] 2013
300 ## - DESCRIPCION FISICA [R]
Extensión [R] 234 páginas
Otros detalles físicos [NR] ilustraciones, gráficas, fotografías
490 0# - MENCION DE SERIE [R]
Mención de serie [R] Colección Docencia Universitaria
Designación numérica/secuencial del volumen [NR] 5
504 ## - NOTA DE BIBLIOGRAFIA, ETC. [R]
Nota de bibliografía, etc. [NR] Incluye referencias bibliográficas
650 04 - ASIENTO SECUNDARIO DE MATERIA - TERMINO TEMATICO [R]
Término temático o nombre geográfico como elemento de entrada [NR] Enseñanza universitaria
9 (RLIN) 14601
650 04 - ASIENTO SECUNDARIO DE MATERIA - TERMINO TEMATICO [R]
Término temático o nombre geográfico como elemento de entrada [NR] Prácticas de la enseñanza
9 (RLIN) 22153
650 04 - ASIENTO SECUNDARIO DE MATERIA - TERMINO TEMATICO [R]
Término temático o nombre geográfico como elemento de entrada [NR] Educación superior
Subdivisión general [R] Investigaciones
9 (RLIN) 30042
650 04 - ASIENTO SECUNDARIO DE MATERIA - TERMINO TEMATICO [R]
Término temático o nombre geográfico como elemento de entrada [NR] Formación profesional de maestros
9 (RLIN) 16049
690 #0 - ASUNTO AGREGADO LOCAL DE ENTRADA - TÉRMINO TEMÁTICO (OCLC, RLIN)
Acceso temático local Educación superior
9 (RLIN) 177
700 1# - ASIENTO SECUNDARIO - NOMBRE PERSONAL [R]
Nombre personal [NR] Londoño Orozco, Guillermo
Término de relación [R] editor
9 (RLIN) 79262
700 1# - ASIENTO SECUNDARIO - NOMBRE PERSONAL [R]
Nombre personal [NR] Camacho, Carmen Amalia
Término de relación [R] prólogo
9 (RLIN) 79263
942 ## - ELEMENTOS DE ENTRADA AGREGADOS (KOHA)
Sistema de clasificación DEWEY
Tema principal Educación
Tipo de ítem principal el descrito en 300a Libro
Edición 1
Clasificación 378.125
Parte restante de la signatura top. I624
Existencias
Total préstamos Signatura topográfica Código de barras Última vez visto Ejemplar Costo de reposición Price effective from Tipo de ítem Nota pública (OPAC) Perdido Sistema de clasificación Dañado No prestable Tipo de ítem específico Suprimido Ubicación habitual Ubicación actual Localización Fecha de creación Proveedor Forma de adquisición Costo
  378.125 I624 100150304 04/12/2025 Ej.1 26000.00 16/08/2016 Libro Galería de donantes   DEWEY     Libro   Claustro Claustro 3er piso 16/08/2016 12 Donación 0.00